000 00685nam a2200289Ia 4500
005 20260324143806.0
008 008 260324s9999 xx 000 0 eng d
020 _a9781315803111
037 _aEBOOK
040 _aCRL
040 _beng
040 _cCRL
041 _2eng
041 _aeng
084 _qCRL
100 _aJane E. Myers; Harold C. Riker
_91216941
245 0 _aRetirement Counseling
245 2 _bA Practical Guide for Action
260 _bTaylor and Francis
260 _c1990
365 _a
365 _b135
856 _uhttp://www.taylorfrancis.com/books/9781315803111
942 _cEBOOK
999 _c1822761
_d1822761